000 00764nam a2200241 i 4500
001 bg
100 1 _aGIERCZAK, Ewa.
245 1 0 _aZbiór zadań z elektrotechniki teoretycznej.
_nCz.1 /
_cEwa Gierczak, Jerzy Suchański.
250 _aWyd. 7.
260 _aKielce :
_bWydaw. PŚ,
_c2001.
300 _a325 s. :
_brys., wykr. ;
_c24 cm.
490 1 _aSkrypty / Politechnika Świętokrzyska,
_x0239-6386 ;
_v370
504 _aBibliogr. s. 324.
650 9 _aElektrotechnika
_xteoria
655 _aĆwiczenia i zadania dla szkół wyższych
700 1 _aSUCHAŃSKI, Jerzy
830 0 _aSkrypty (Politechnika Świętokrzyska) ;
_v370
040 _cBPK
041 0 _apl
080 _a621.3(075.8)
942 _cKS
008 s pl f |000 0 pol
999 _c40928
_d40928
856 _uhttp://koha.tu.koszalin.pl/cgi-bin/koha/opac-detail.pl?biblionumber=40928
_yKatalog online BPK